Players Championship 2023 (Darts) - Statistiken

Allgemein
  • Dieses Quiz wurde 128 mal gespielt
  • Das Durchschnittsergebnis liegt bei 23 aus 30
Antwortstatistiken
Turnier Sieger Nationalität % Korrekt
17 Gerwyn Price Wales
96%
18 Gerwyn Price Wales
96%
21 Gerwyn Price Wales
96%
29 Gerwyn Price Wales
96%
7 Michael van Gerwen Niederlande
95%
8 Gary Anderson Schottland
88%
24 Gary Anderson Schottland
88%
25 Gary Anderson Schottland
88%
13 Michael Smith England
88%
5 Ross Smith England
88%
28 Ross Smith England
88%
9 Krzysztof Ratajski Polen
86%
12 Jonny Clayton Wales
85%
14 Damon Heta Australien
83%
16 Damon Heta Australien
83%
15 Luke Humphries England
79%
20 Luke Humphries England
79%
3 Kim Huybrechts Belgien
78%
2 Danny Noppert Niederlande
77%
22 Danny Noppert Niederlande
77%
23 Dave Chisnall England
75%
30 Dave Chisnall England
75%
11 Rob Cross England
75%
4 Dirk van Duijvenbode Niederlande
72%
6 Dirk van Duijvenbode Niederlande
72%
10 Dirk van Duijvenbode Niederlande
72%
1 Ryan Searle England
55%
27 Radek Szagański Polen
50%
26 Ryan Joyce England
29%
19 Callan Rydz England
28%
Keine übereinstimmenden Quizze gefunden
Verteilung der Resultate
Anzahl Personen mit jedem Resultat
Perzentil nach korrekt beantworteten Fragen
Ihre Resultats-Entwicklung
Sie haben dieses Quiz noch nicht gespielt